000 00582nam a2200241 a 4500
001 nice12345678
003 IN_TiNIC
005 20260116011722.0
008 050524s1975 kara grp 000 0 eng
020 _a
_c12
082 0 0 _a229.9
_bRAH
100 _aRahim, M A
245 _aGospel of Barnabas.
260 _aKarachi
_bFazleeson
_c1975
300 _a237p
500 _aincludes index and biblioraphy
505 2 _aAppendex, Bibliography, Index
650 _aApocryphal Gospels-Barnabas
700 1 _aRahim, M A
902 _bSRS
942 _cBK
999 _c3526
_d3526